000 00770nam a22002657a 4500
003 CHAP
005 20220329140849.0
008 971013s1991 r 00010 d
010 _a58871
011 _a59843
035 _a64003
040 _cCHAP
082 _a632.8
_bM3 1991
100 0 0 _aMatthews, Richard Ellis Ford.
_973085
245 _aPlant virology
250 _a3 ed.
260 _aSan Diego, Ca. :
_bAcademic Press,
_c1991
300 _a885 p.
_b: ilus.
590 _aBATCH-UPD
_b10
_c20130110
_lUCH01
_h1749
590 _aCONVERSION
_b10
_c20130109
_lUCH01
_h1332
650 1 4 _aPlantas
_xEnfermedades por virus.
_988834
901 _aBK
942 _cLIBRO
949 _a632.8 M3 1991
_bBC
_cLIBRO
_d33724002014173
_eLIBRO
_gI. 181192
_h90008
_i64003
_si
_t462.00
999 _c58871
_d58871